00246 a2200109 4500001000700000020000600007040001100013100003000024240003900054245003400093362000900127168501 a  cMagnum aKleiman, Angela B. (Org.)10aOs significados do letramentolpor10aOs significados do letramento0 a1899